000 00474nam a2200193Ia 4500
005 20250423101118.0
008 250422s9999 xx 000 0 und d
020 _a0-07-246991-9
050 _aHG 4026 .R677/
100 _aRoss, Stephen A.
245 0 _aTest bank to accompany fundamentals of corporate finance
250 _a6th ed.
260 _aNew York
260 _bMcGraw-Hill Irwin
260 _c2003
300 _a556 p
650 _aFinance
942 _cBK
999 _c35325
_d35325